Hauptstädte zu Länder Amerika - random - Statistiken

Allgemein
  • Dieses Quiz wurde 714 mal gespielt
  • Das Durchschnittsergebnis liegt bei 22 aus 35
Antwortstatistiken
Land Hauptstadt % Korrekt
Brasilien Brasília
92%
Vereinigte Staaten Washington D.C.
89%
Mexiko Mexiko-Stadt
86%
Kanada Ottawa
86%
Argentinien Buenos Aires
84%
Peru Lima
84%
Panama Panama-Stadt
82%
Kuba Havanna
78%
Chile Santiago
77%
Kolumbien Bogotá
74%
El Salvador San Salvador
72%
Uruguay Montevideo
71%
Guatemala Guatemala-Stadt
69%
Venezuela Caracas
68%
Ecuador Quito
68%
Jamaika Kingston
67%
Bolivien La Paz oder Sucre
66%
Costa Rica San José
64%
Nicaragua Managua
59%
Bahamas Nassau
57%
Dominikanische Republik Santo Domingo
56%
Guyana Georgetown
55%
Haiti Port-au-Prince
55%
Paraguay Asunción
53%
Belize Belmopan
50%
Suriname Paramaribo
49%
Barbados Bridgetown
46%
Trinidad und Tobago Port-of-Spain
45%
Honduras Tegucigalpa
44%
St. Vincent und die Grenadinen Kingstown
42%
Grenada Saint George's
41%
Dominica Roseau
38%
Antigua und Barbuda Saint John's
38%
St. Lucia Castries
37%
St. Kitts und Nevis Basseterre
34%
Keine übereinstimmenden Quizze gefunden
Verteilung der Resultate
Anzahl Personen mit jedem Resultat
Perzentil nach korrekt beantworteten Fragen
Ihre Resultats-Entwicklung
Sie haben dieses Quiz noch nicht gespielt